000 00336 a2200157 4500
001 48651
040 _cAnchieta - Bela Vista
100 _aBelinky, Tatiana
240 1 0 _aO caso do bolinho
_lpor
245 1 0 _aO caso do bolinho
300 _a32
362 0 _a2004
440 1 _aModerna
650 4 _aLiteratura infantil
942 _cBK
999 _c48651
_d48651